História / Geografia, 3ª série (Record no. 75990)

MARC details
000 -LÍDER
campo de controle de tamanho fixo 00365 a2200145 4500
001 - NÚMERO DE CONTROLE
campo de controle 75990
040 ## - FONTE DA CATALOGAÇÃO
Instituição que transcreveu o registro Anchieta - Colégio São Paulo
100 ## - ENTRADA PRINCIPAL--NOME PESSOAL
Nome pessoal Fontoura Júnior, Antonio
240 10 - TÍTULO UNIFORME
Título uniforme História / Geografia, 3ª série
Idioma da obra por
245 10 - TÍTULO
Título História / Geografia, 3ª série
300 ## - DESCRIÇÃO FÍSICA
Extensão 176
362 0# - DATAS DE PUBLICAÇÃO E/OU DESIGNAÇÃO SEQUENCIAL
Datas de publicação e/ou designação sequencial 2000
650 #4 - ASSUNTO--TERMO TÓPICO
Cabeçalho tópico ou nome geográfico Geografia e História
942 ## - ELEMENTOS DE ENTRADA ADICIONADOS (KOHA)
Tipo de material Koha Livros
Holdings
Situação do descarte Situação das perdas Situação física Não pode ser emprestado Biblioteca de origem Biblioteca atual Data de aquisição Total de empréstimos Número de chamada completo Código de barras Data de último acesso Data do preço efetivo Tipo de material Koha
        Colégio São Paulo Colégio São Paulo 22/11/2023   900 M843h 8050/CSP 22/11/2023 22/11/2023 Livros